Инженерная геология: учебник

Podrobná bibliografie
Hlavní autor: Гальперин А. М. Анатолий Моисеевич
Korporativní autor: Московский государственный горный университет (МГГУ)
Další autoři: Зайцев В. С. Владимир Сергеевич
Shrnutí:Изложены основные сведения из инженерной петрографии (грунтоведения): характеристики состава, строения, состояния и свойств горных пород и грунтов. Рассмотрены современные представления об особенностях массива горных пород и методах его исследования. Приведена методика изучения инженерно-геологических условий территорий освоения, а также технические характеристики современного оборудования, используемого для данных целей. Проанализированы характерные этапы составления прогнозных оценок условий разработки месторождений полезных ископаемых и строительства подземных сооружений.
Jazyk:ruština
Vydáno: Москва, Изд-во МГГУ, 2009
Edice:Геология № 4
Témata:
Médium: MixedMaterials Kniha
KOHA link:https://koha.lib.tpu.ru/cgi-bin/koha/opac-detail.pl?biblionumber=167896

MARC

LEADER 00000nam0a2200000 4500
001 167896
005 20231101222724.0
010 |a 9785986721583 
010 |a 978-5-7418-0604-3 
035 |a (RuTPU)RU\TPU\book\182149 
090 |a 167896 
100 |a 20091021d2009 m y0rusy50 ca 
101 0 |a rus 
102 |a RU 
105 |a a j 001zy 
200 1 |a Инженерная геология  |e учебник  |f А. М. Гальперин, В. С. Зайцев  |g Московский государственный горный университет (МГГУ) 
210 |a Москва  |c Изд-во МГГУ  |d 2009 
215 |a 560 с.  |c ил. 
225 1 |a Геология  |v № 4 
320 |a Библиогр.: с. 546-551. 
320 |a Алфавитно-предметный указатель: с. 552-555. 
330 |a Изложены основные сведения из инженерной петрографии (грунтоведения): характеристики состава, строения, состояния и свойств горных пород и грунтов. Рассмотрены современные представления об особенностях массива горных пород и методах его исследования. Приведена методика изучения инженерно-геологических условий территорий освоения, а также технические характеристики современного оборудования, используемого для данных целей. Проанализированы характерные этапы составления прогнозных оценок условий разработки месторождений полезных ископаемых и строительства подземных сооружений. 
606 1 |a Инженерная геология  |2 stltpush  |3 (RuTPU)RU\TPU\subj\12572  |9 39335 
610 1 |a петрография 
610 1 |a горные породы 
610 1 |a инженерно-геологические особенности 
610 1 |a глинистые породы 
610 1 |a раздельнозернистые породы 
610 1 |a мерзлые породы 
610 1 |a намывные породы 
610 1 |a насыпные породы 
610 1 |a массивы 
610 1 |a месторождения 
610 1 |a инженерная геодинамика 
610 1 |a открытая разработка 
610 1 |a подземная разработка 
610 1 |a горно-геологические исследования 
610 1 |a недра 
610 1 |a прогнозирование 
610 1 |a учебники 
610 1 |a полезные ископаемые 
675 |a 624.131.1(075.8)  |v 3 
700 1 |a Гальперин  |b А. М.  |g Анатолий Моисеевич 
701 1 |a Зайцев  |b В. С.  |g Владимир Сергеевич 
712 0 2 |a Московский государственный горный университет (МГГУ)  |c (1993- )  |2 stltpush  |3 (RuTPU)RU\TPU\col\453 
801 1 |a RU  |b 63413507  |c 20091021 
801 2 |a RU  |b 63413507  |c 20100319  |g RCR 
900 |a Инженерная геология 
942 |c BK 
951 |b 130400 
959 |a 109/20091021  |d 1  |e 920,00  |f ЧЗТЛ:1